Pug hug / (Record no. 49462)
| 000 -LEADER | |
|---|---|
| fixed length control field | 00280nam a2200109 4500 |
| 020 ## - INTERNATIONAL STANDARD BOOK NUMBER | |
| International Standard Book Number | 9781444967241 |
| 100 ## - MAIN ENTRY--PERSONAL NAME | |
| Personal name | Hicks, Zehra |
| 9 (RLIN) | 86634 |
| 245 ## - TITLE STATEMENT | |
| Title | Pug hug / |
| Statement of responsibility, etc | Zehra Hicks |
| 260 ## - PUBLICATION, DISTRIBUTION, ETC. (IMPRINT) | |
| Place of publication, distribution, etc | UK |
| Name of publisher, distributor, etc | Hodder Children's Books |
| Date of publication, distribution, etc | 2020 |
| 300 ## - PHYSICAL DESCRIPTION | |
| Extent | unpaged. |
| Other physical details | col. ill. |
| Dimensions | 28 cm. |
| 942 ## - ADDED ENTRY ELEMENTS (KOHA) | |
| Source of classification or shelving scheme | |
| Koha item type | Book |
| Withdrawn status | Lost status | Source of classification or shelving scheme | Damaged status | Not for loan | Collection code | Home library | Current library | Date acquired | Total Checkouts | Full call number | Barcode | Checked out | Date last seen | Date checked out | Price effective from | Koha item type |
|---|---|---|---|---|---|---|---|---|---|---|---|---|---|---|---|---|
| Primary | Asian Hope Primary Library | Asian Hope Primary Library | 09/01/2025 | 6 | E HIC | 209358 | 04/03/2026 | 03/27/2026 | 03/27/2026 | 09/01/2025 | Book |